The rice economy of Asia / (Record no. 12781)

000 -LEADER
fixed length control field 00695cam a2200205 a 4500
020 ## - INTERNATIONAL STANDARD BOOK NUMBER
ISBN 0915707144 :
020 ## - INTERNATIONAL STANDARD BOOK NUMBER
ISBN 0915707152
040 ## - CATALOGING SOURCE
Transcribing agency DLC
082 ## - DEWEY DECIMAL CLASSIFICATION NUMBER
Classification number 338 DIS 1985 A020 Or.
100 1# - MAIN ENTRY--AUTHOR NAME
Personal name Barker, Randolph
245 14 - TITLE STATEMENT
Title The rice economy of Asia /
260 ## - PUBLICATION, DISTRIBUTION, ETC. (IMPRINT)
Place of publication Washington, D.C. :
Name of publisher Resources for the Future ;
Place of publication [Baltimore, Md.] :
Name of publisher Distributed by Johns Hopkins University Press,
Year of publication c1985
300 ## - PHYSICAL DESCRIPTION
Number of Pages 2 v. :
Other physical details ill. ;
Dimensions 29 cm
500 ## - GENERAL NOTE
General note Vol. 2 has special title: Appendix to The rice economy of Asia : rice statistics by country, tables with notes / Beth Rose
650 #0 - SUBJECT ADDED ENTRY--TOPICAL TERM
Topical Term Rice trade
700 1# - ADDED ENTRY--PERSONAL NAME
Personal name Herdt, Robert W.,
700 1# - ADDED ENTRY--PERSONAL NAME
Personal name Rose, Beth
700 1# - ADDED ENTRY--PERSONAL NAME
Personal name Rose, Beth.
942 ## - ADDED ENTRY ELEMENTS (KOHA)
Koha item type សៀវភៅភាសាអង់គ្លេស
952 ## - LOCATION AND ITEM INFORMATION (KOHA)
Withdrawn status [LOCAL, KOHA] 0
Holdings
Permanent Location Date acquired Koha item type Lost status Shelving location Barcode Current Location Full call number
Library Block A2017-08-17សៀវភៅភាសាអង់គ្លេស A064A14011Library Block A338 DIS 1985 A064 Or.
មជ្ឈមណ្ឌលឯការនៃសាកលវិទ្យាល័យភូមិន្ទកសិកម្មចំការដូង

Powered by Koha